| 000 | 01157nam a2200325 i 4500 | ||
|---|---|---|---|
| 001 | 20960 | ||
| 003 | KOSZ 005 | ||
| 005 | 20230119120523.0 | ||
| 008 | 961010s1983 pl f |000 0 pol d | ||
| 040 |
_cKOSZ 005 _aKOSZ 005 _dKOSZ 005/HR |
||
| 041 | _apol | ||
| 046 | _k1983 | ||
| 080 | _a658.1/.5 | ||
| 245 | 0 |
_aEkonomika / _c[red. zesz. Ewa Bojar]. |
|
| 260 |
_aLublin : _bPolitechnika Lubelska, _c1983. |
||
| 336 |
_2rdacontent _aTekst _btxt |
||
| 337 |
_2rdamedia _aBez urządzenia pośredniczącego _bn |
||
| 338 |
_2rdacarrier _aWolumin _bnc |
||
| 380 | _aKsiążki | ||
| 388 | _a1901-2000 | ||
| 388 | _a1945-1989 | ||
| 490 | 1 |
_aPrace Naukowe Instytutu Organizacji i Zarządzania ; _vnr 12 |
|
| 650 | 7 | _aEkonomika przedsiębiorstwa | |
| 658 | _aGospodarka, ekonomia, finanse | ||
| 700 | 1 |
_aBojar, Ewa _d(1949- ) _eRedakcja |
|
| 710 | 2 |
_aPolitechnika Lubelska _4pbl |
|
| 830 |
_aPrace Instytutu Organizacji i Zarządzania - Politechnika Lubelska _vnr 12 |
||
| 856 |
_uhttp://koha.tu.koszalin.pl/cgi-bin/koha/opac-detail.pl?biblionumber=20960 _yKatalog online BPK |
||
| 942 |
_cKS _2UKD |
||
| 999 |
_c20960 _d20960 |
||